| 000 | 003240000a22000970004500 | ||
|---|---|---|---|
| 100 | 1 | _aMurray, Donald F. | |
| 245 | 1 | 0 | _aRetribution and revival : Theological theory, religious praxis, and the future in Chronicles |
| 300 | _aNúm 88 (2000), Páginas 77-99 | ||
| 773 | 0 | _tJournal for the Study of the Old Testament | |
| 942 | _cANA | ||
| 999 |
_c54735 _d54735 |
||